| 000 | 00516nam a2200181Ia 4500 | ||
|---|---|---|---|
| 003 | OSt | ||
| 005 | 20251031121243.0 | ||
| 008 | 250729s2005 xx 000 0 und d | ||
| 040 | _cAL | ||
| 041 | _akan | ||
| 082 | _a370 YADB | ||
| 100 |
_aಯಾದವಾಡ ಎಸ್ ಬಿ _9223666 |
||
| 245 | _aಭಾರತದಲ್ಲಿ ಶಿಕ್ಶಣ ಮತ್ತು ಪ್ರಚಲಿತ ಸಮಸ್ಯೆಗಳು | ||
| 260 |
_aGadag _c2005 |
||
| 300 | _a321p | ||
| 650 |
_aEducation _9223667 |
||
| 942 |
_2ddc _cBED |
||
| 999 |
_c236022 _d236022 |
||